| 000 | 00793nam a2200193 a 4500 | ||
|---|---|---|---|
| 001 | 000046633 | ||
| 005 | 20201002053021.0 | ||
| 008 | 180314s2002 dr 000 0 spa d | ||
| 020 | _a9789945606003 | ||
| 040 |
_aDO-SdBNP _bspa _cBNPHU |
||
| 082 |
_axx _bxxx |
||
| 110 | 2 |
_aRepública Dominicana _9447 |
|
| 240 | 0 | _a[leyes, etc] | |
| 245 | 0 |
_aLey 1-02 : _bSobre prácticas desleales de comercio y medidas de salvagurdas. |
|
| 260 |
_aSanto Domingo : _bEditora Dalis, _c[2002]. |
||
| 300 |
_a36 p. ; _c21 cm. |
||
| 590 | _aInventariado, 2018 / VM | ||
| 505 | 2 |
_aDisposiciones generales-- _tDe las prácticas desleales de comercio -- _tDel procedimiento -- _tde las medidas de salvaguardas -- _tDe la comisión nacional de regulaciones de prácticas desleales de comercio y medidas de salvaguarda -- |
|
| 999 |
_c46122 _d46122 |
||